[Event "Dhaka Metropolis op U2100"]
[Site "Dhaka"]
[Date "2022.10.25"]
[Round "9"]
[White "Afzal, Hossain"]
[Black "Md Masud, Rana"]
[Result "0-1"]
[WhiteElo "1749"]
[BlackElo "1657"]
[PlyCount "50"]
[EventDate "2022.10.17"]
[EventType "swiss"]
[EventRounds "9"]
[EventCountry "BAN"]
[SourceTitle "EXT 2024"]
[Source "ChessBase"]
[SourceDate "2023.10.10"]
[SourceVersion "1"]
[SourceVersionDate "2023.10.10"]
[SourceQuality "1"]

1. d4 Nf6 2. c4 e6 3. a3 d5 4. Nf3 c6 5. c5 b6 6. cxb6 axb6 7. Bg5 Be7 8. e3 0-0 9. Bd3 c5 10. 0-0 Ba6 11. Nc3 Nc6 12. Rc1 Bxd3 13. Qxd3 c4 14. Qe2 Na5 15. h3 Nd7 16. Bf4 f5 17. Nb5 Nb3 18. Rb1 Rc8 19. Na7 Ra8 20. Nc6 Qe8 21. Nxe7+ Qxe7 22. Rfd1 b5 23. Qc2 b4 24. axb4 Qxb4 25. Ng5 Qe7 0-1